| 000 | 00849cab a2200241 4500 | ||
|---|---|---|---|
| 001 | WB3228-30 | ||
| 008 | 090401t1996 xxu||||| |||| 00| 0 eng d | ||
| 035 | _a(Sirsi) u56475 | ||
| 041 | _aeng | ||
| 245 | _aAssignment of lease | ||
| 260 | _c1996 | ||
| 350 | _a0 | ||
| 490 |
_aEstates Gazette Case Summaries _v[1996] EGCS 118(1) (13/7/96) |
||
| 520 | _a"Roux Restaurants Ltd v Jaison Property Development Co Ltd" CA 1 July 1996. Landlord appealed against tenant`s objection to changes to a lease which the tenant wished to have assigned. | ||
| 650 | _aASSIGNMENT OF LEASES | ||
| 650 | _aCOVENANT AGAINST ALIENATION | ||
| 650 | _aLEASES | ||
| 650 | _aRESTAURANTS | ||
| 650 | _aROUX RESTAURANTS LTD V JAISON PROPERTY DEVELOPMENT CO LTD | ||
| 690 | _aLANDLORD AND TENANT-CASE LAW-BUSINESS TENANCIES | ||
| 942 | _n0 | ||
| 948 | _c04/03/1997 | ||
| 999 |
_c34442 _d34442 |
||